| 000 | 01113nam a22002537a 4500 | ||
|---|---|---|---|
| 999 |
_c21138 _d21138 |
||
| 003 | AR-CdUCM | ||
| 008 | 190517b ||||| |||| 00| 0 spa d | ||
| 020 | _a9786124392009 | ||
| 040 |
_aMUNICIPALIDAD PROVINCIAL DEL CUSCO _cBIBLIOTECA MUNICIPAL DEL CUSCO |
||
| 082 |
_a306.6 / A48 _bA48 |
||
| 100 |
_aAmat Olazával, Manuel Hernán _944126 |
||
| 245 |
_aEl ciclo mítico de Tunupa : _bhéroe cultural y deidad del mundo andino / _cM. Hérnan Amat Olazával y César Aedo |
||
| 260 |
_aCusco : _bUniversidad Andina del Cusco, _c2018. |
||
| 300 |
_a321 páginas ; _bilustraciones en color, _c20x29 cm. |
||
| 505 | _aContenido : El escenario geográfico e histórico el altiplano del Collao y el lago y la Isla del Titicaca la Pacarina olimpo de los incas -- La transmisión de la memoria andina el mito -- Tunupa y la distorsión de su real imagen ... | ||
| 650 |
_aReligiosidad andina _944127 |
||
| 650 |
_aDeidades andinas _944128 |
||
| 650 |
_aMitos y leyendas _94206 |
||
| 650 |
_aOllantaytambo _93165 |
||
| 650 |
_aPerú _944129 |
||
| 700 |
_aAédo, Cesar _944130 |
||
| 942 |
_2ddc _cLIBROS |
||
| 945 | _aRoel | ||